000 00839nam a2200277Ia 4500
003 GCL
008 140319s9999 xx 000 0 ara d
040 _aGCL /
_cGCL
082 0 4 _a170
_bم م
100 1 _aمحمد عبدالرحمن مرحبا
245 1 0 _aالمرجع فى تاريخ الاخلاق /
_cمحمد عبدالرحمن مرحبا
260 _a[S.N] :
_bجروس برس ،
_c1988
300 _a304
490 _a
650 0 4 _aالفلسفة الاسلامية
650 0 4 _aتاريخ
650 0 4 _aالعلم
650 0 4 _aالفلسفة
650 0 4 _aالاخلاق الاسلامية
650 0 4 _aالاخلاق
650 0 4 _aالسلوك الاجتماعى
650 0 4 _aالفلاسفة
650 0 4 _aالاخلاق الدينية
650 0 4 _aالاخلاق المصرية
942 _2ddc
_cBK
999 _c27517
_d27517